Literary insight (Record no. 84815)
[ view plain ]
| 000 -LEADER | |
|---|---|
| fixed length control field | 00747nas a22002177a 4500 |
| 005 - DATE AND TIME OF LATEST TRANSACTION | |
| control field | 20140604125439.0 |
| 006 - FIXED-LENGTH DATA ELEMENTS--ADDITIONAL MATERIAL CHARACTERISTICS--GENERAL INFORMATION | |
| fixed length control field | a|||||r|||| 00| 0 |
| 007 - PHYSICAL DESCRIPTION FIXED FIELD--GENERAL INFORMATION | |
| fixed length control field | ta |
| 008 - FIXED-LENGTH DATA ELEMENTS--GENERAL INFORMATION | |
| fixed length control field | 140604b xxu||||| |||| 00| 0 eng d |
| 022 ## - INTERNATIONAL STANDARD SERIAL NUMBER | |
| International Standard Serial Number | 0975-6248 |
| 245 ## - TITLE STATEMENT | |
| Title | Literary insight |
| Remainder of title | a refereed international journal |
| Statement of responsibility, etc | edited by Sudhir Nikam and Madavi Nikam |
| 260 ## - PUBLICATION, DISTRIBUTION, ETC. (IMPRINT) | |
| Place of publication, distribution, etc | Thane |
| Name of publisher, distributor, etc | Dr. Sudhir Venkatesh Nikam, Literary insight |
| Date of publication, distribution, etc | 2010- |
| 300 ## - PHYSICAL DESCRIPTION | |
| Extent | v. |
| Dimensions | 24 cm (Pbk) |
| 310 ## - CURRENT PUBLICATION FREQUENCY | |
| Current publication frequency | yearly |
| 362 ## - DATES OF PUBLICATION AND/OR SEQUENTIAL DESIGNATION | |
| Dates of publication and/or sequential designation | vol.5 (Jan 2014) |
| 700 ## - ADDED ENTRY--PERSONAL NAME | |
| Personal name | Nikam, Sudhir, ed |
| 700 ## - ADDED ENTRY--PERSONAL NAME | |
| Personal name | Nikam, Madhavi, ed |
| 856 ## - ELECTRONIC LOCATION AND ACCESS | |
| Uniform Resource Identifier | <a href="www.litsight.com">www.litsight.com</a> |
| 270 ## - ADDRESS | |
| Address | A-2, 503, Puyodaya Park Near Don Bosco School, Adharwadi, Kalyan (West) |
| City | Thane |
| Postal code | 421301 |
| Telephone number | 919322530571 |
| Electronic mail address | litsight@gmail.com |
| 942 ## - ADDED ENTRY ELEMENTS (KOHA) | |
| Source of classification or shelving scheme | Dewey Decimal Classification |
| Item type | Periodicals |
| Serial record | 1 |
| Withdrawn status | Lost status | Source of classification or shelving scheme | Damaged status | Not for loan | Collection code | Home library | Current library | Date acquired | Total Checkouts | Date last seen | Price effective from | Koha item type |
|---|---|---|---|---|---|---|---|---|---|---|---|---|
| Dewey Decimal Classification | Not For Loan | Non-fiction | D.B.Act.Division | D.B.Act.Division | 04/06/2014 | 04/06/2014 | 04/06/2014 | Periodicals |
